[Event "Recklinghausen op 16th"]
[Site "Recklinghausen"]
[Date "2006.10.13"]
[Round "6"]
[White "Dresler, Tobias"]
[Black "Voss, Andreas"]
[Result "0-1"]
[WhiteElo "1054"]
[BlackElo "2032"]
[PlyCount "58"]
[EventDate "2006.10.07"]
[EventType "swiss"]
[EventRounds "7"]
[EventCountry "GER"]
[SourceTitle "CBM 114 Extra"]
[Source "ChessBase"]
[SourceDate "2006.11.03"]
[SourceVersion "1"]
[SourceVersionDate "2006.11.03"]
[SourceQuality "1"]

1. e4 c5 2. Nf3 d6 3. d4 cxd4 4. Nxd4 Nf6 5. Nc3 g6 6. Bc4 Bg7 7. 0-0 0-0 8. Re1 Qc7 9. Bb3 a6 10. a4 Nc6 11. Nxc6 bxc6 12. Bg5 h6 13. Bh4 g5 14. Bg3 Nd7 15. Qf3 Nc5 16. Bc4 Be6 17. Bxe6 Nxe6 18. Rac1 Rab8 19. b3 Qa5 20. Ne2 Rb4 21. Rcd1 Nc5 22. Nc3 Nxb3 23. Nd5 cxd5 24. cxb3 d4 25. Qd3 Rfb8 26. Qd2 Qb6 27. Rb1 Rxb3 28. Rxb3 Qxb3 29. Qa5 Qb4 0-1

[Event "Recklinghausen op 16th"]
[Site "Recklinghausen"]
[Date "2006.10.11"]
[Round "3"]
[White "Michalicek, Roland"]
[Black "Dresler, Tobias"]
[Result "1-0"]
[WhiteElo "1785"]
[BlackElo "1054"]
[PlyCount "89"]
[EventDate "2006.10.07"]
[EventType "swiss"]
[EventRounds "7"]
[EventCountry "GER"]
[SourceTitle "CBM 114 Extra"]
[Source "ChessBase"]
[SourceDate "2006.11.03"]
[SourceVersion "1"]
[SourceVersionDate "2006.11.03"]
[SourceQuality "1"]

1. e4 c5 2. Nf3 a6 3. d4 cxd4 4. Nxd4 e5 5. Nf3 Nc6 6. Nc3 Bb4 7. Bd2 Nf6 8. Bd3 d5 9. Nxd5 Bxd2+ 10. Qxd2 Nxd5 11. exd5 Qxd5 12. 0-0 Be6 13. Rfe1 0-0 14. Qc3 f6 15. Be4 Qb5 16. Bxc6 Qxc6 17. Qxc6 bxc6 18. Nd4 Bd5 19. c4 Bxg2 20. Ne6 Rfb8 21. Kxg2 Rxb2 22. Reb1 Rc2 23. Rb7 g6 24. Rd1 Rxc4 25. Rdd7 Rh4 26. Rg7+ Kh8 27. Rbc7 Rh6 28. Rxc6 g5 29. Ra7 Re8 30. Raxa6 Rg6 31. Kf3 Kg8 32. Nc7 Rc8 33. Nd5 Rxc6 34. Rxc6 Kf7 35. a4 Rg8 36. Rxf6+ Kg7 37. Rf5 h6 38. Rxe5 Rf8+ 39. Ke3 Ra8 40. Nb6 Ra6 41. Re6 h5 42. Ke4 g4 43. Kf5 Kh7 44. Rd6 Kg7 45. Kg5 1-0